Sports Quiz

Random Sports or NCAA Quiz

NCAA Unusual Nicknames Quiz Stats

 Plays Quiz not verified by Sporcle

Challenge
Share
Tweet
Embed
Score 0/36 Timer 08:00
0 Plays Today
Hint Answer % Correct
The Oklahoma Sooners are named after:
A) hound dogs
B) late 19th century settlers
???
91.4%
The Southern Illinois Salukis are named after:
A) ancient Russian warriors
B) a type of dog
???
88.6%
The Stanford Cardinal are named after:
A) a prominent religious leader in school history
B) a team color
???
88.6%
The Ohio State Buckeyes are named after:
A) seeds of Aesculus glabra
B) pioneers who wore buckskins
???
85.7%
The Wichita State Shockers are named after:
A) wheatshockers
B) the electrical power company in Wichita
???
83.8%
The Stetson Hatters are named after:
A) John B. Stetson, benefactor and hat manufacturer
B) a DC comics villain
???
82.9%
The Purdue Boilermakes are named after:
A) a 'working man's drink'
B) hands-on engineering education
???
81%
The Furman Paladins are named after:
A) powerful magicians
B) knights as heroic champions
???
78.1%
The Manhattan Jaspers are named after:
A) a valauble gemstone
B) Brother Jasper of Mary, F.S.C.
???
77.1%
The Murray State Racers are named after:
A) thoroughbred horses
B) black racer snakes
???
75.2%
The Indiana U. Southeast Grenadiers are named after:
A) an elite British regiment
B) a deep-sea fish
???
74.3%
The Webster University Gorlocks are named after:
A) a dangerous space alien
B) a creature named after Gore and Lockwood avenues
???
67.6%
The Evergreen State Geoducks are named after:
A) a saltwater clam
B) a northwestern breed of waterfowl
???
66.7%
The Wake Forst Demon Deacons' previous nickname is:
A) Christian Soldiers
B) Fighting Baptists
???
66.7%
The San Diego Toreros are named after:
A) Brother Torero of the Franciscans who settled San Diego
B) a Spanish word for bullfighters
???
66.7%
The Cornell Big Red named after:
A) a song which referred to them as 'the big, red team'
B) native American warriors
???
64.8%
The Presbyterian College Blue Hose are named after:
A) a reference to puritanical leanings
B) the blue color of first place ribbons
???
63.8%
The St. Louis Billikens are named after:
A) former coach William Billik
B) good-luck gremlins
???
61.9%
Hint Answer % Correct
The Hofstra Pride are named after:
A) a group of lions
B) pride in athletic acheivement
???
61%
The Virginia Military Institute Keydets are named after:
A) a southern drawl pronunciation of the word 'cadet'
B) student athletes as the key to the future
???
60%
The Georgetown Hoyas are named after:
A) a native American term for 'victory'
B) a cheer based on Greek/Latin words for 'What Rocks!'
???
57.1%
Washburn University Ichabods are named for:
A) Ichabod Crane of headless horseman fame
B) benefactor Ichabod Washburn
???
57.1%
The Anteater of UC Irvine was inspired by:
A) a Johnny Hart comic strip character
B) research in South America
???
53.3%
The Tufts Jumbos are named after:
A) a dead circus elephant
B) athletes of great size and strength
???
53.3%
The Coastal Carolina Chanticleers are named after:
A) a rooster in medieval fables
B) Gallic warriors
???
53.3%
The Alabama Crimson Tide are named after:
A) red tide conditions in the gulf
B) a game against Auburn played in a red 'sea of mud'
???
53.3%
The Western Illinois Leathernecks are named after:
A) local farmers' necks exposed to the sun
B) the athletic director's status as a Marine hero
???
47.6%
The North Carolina Tar Heels are named after:
A) pitch from pine trees produced for the English navy
B) the 'stickiness' of the heel firmly standing their ground
???
46.7%
The UC Santa Cruz Banana Slugs gained their name:
A) after locals wished to honor a gastropod expert alumnus
B) after a student protest reached the Letterman show
???
43.8%
The Nebraska Cornhuskers' previous nickname is:
A) Bugeaters
B) they have always been Cornhuskers
???
38.1%
The Loyola (Chicago) Ramblers are named after:
A) the football team's extensive travel schedule
B) the basketball team's rambling style of play
???
38.1%
The North Texas State Mean Green are named after:
A) players being called candy-stealers, puppy-kickers, etc.
B) the ferocity of green goblins
???
38.1%
The Virginia Tech Hokies are named after:
A) a cheer
B) wild turkeys
???
37.1%
The Coe College Kohawks are named after:
A) a native American people
B) the words 'like' and 'a hawk' (in the Hawkeye State)
???
33.3%
The Youngstown State Penguins are named after:
A) games played in cold weather
B) black and white uniforms
???
29.5%
The Evansville Purple Aces are named after:
A) a reference to cards up someone's sleeve
B) fighter pilots
???
17.1%

You're not logged in!

Compare scores with friends on all Sporcle quizzes.
OR
Log In

You Might Also Like...

Show Comments

Extras

Top Quizzes Today


Score Distribution

Your Account Isn't Verified!

In order to create a playlist on Sporcle, you need to verify the email address you used during registration. Go to your Sporcle Settings to finish the process.

Report this User

Report this user for behavior that violates our Community Guidelines.

Details: